| 000 | nam a22 a 4500 | ||
|---|---|---|---|
| 999 |
_c779 _d779 |
||
| 003 | AKMAL | ||
| 005 | 20170505105157.0 | ||
| 008 | 170505s2007 my ab e | a000 0 may d | ||
| 020 | _a9789832600299 (kkt.) | ||
| 040 | _aAKMAL | ||
| 082 | 0 | 4 | _a297.09595 MOH |
| 090 | 0 | 0 |
_a297.09595 _bMOH |
| 100 | 0 |
_aMuhammad Zaidee Daut, _d1974- _91686 |
|
| 245 | 1 | 0 |
_aPerkampungan Hadhari : _bTanjung Bidara / _cMuhammad Zaidee Daut |
| 260 |
_aMelaka : _bInstitut Kajian Sejarah dan Patriotisme Malaysia, _c2007 |
||
| 300 |
_ax, 106ms. : _bil. wrn., peta ; _c30x21cm. |
||
| 504 | _aBibliografi: ms. 106 | ||
| 650 | 1 | 0 |
_aIslam and state _zMelaka _zTanjung Bidara _91687 |
| 650 | 2 | 0 |
_aIslamic civilization _91544 |
| 942 |
_2ddc _cBOOK |
||